Statistiques concernant Démineur n°3

Cliquez ici pour prendre le quiz!

Statistiques générales

  • Ce quiz a été pris 272 fois
  • Le résultat moyen est 13 sur 16

Statistiques - réponses

QuestionTuileSelect% Correct
Trouvez les bombes!-Oui
86%
Trouvez les bombes!Nombre de cases sur un côté d'échiquierNon
85%
Trouvez les bombes!-Oui
84%
Trouvez les bombes!-Oui
84%
Trouvez les bombes!Nombre de doigts sur une mainNon
84%
Trouvez les bombes!-Oui
83%
Trouvez les bombes!-Oui
83%
Trouvez les bombes!-Non
83%
Trouvez les bombes!-Non
83%
Trouvez les bombes!-Oui
82%
Trouvez les bombes!-Non
82%
Trouvez les bombes!-Non
81%
Trouvez les bombes!-Oui
80%
Trouvez les bombes!-Oui
80%
Trouvez les bombes!-Oui
79%
Trouvez les bombes!-Oui
78%

Distribution des résultats

Percentile par nombre de réponses

% des personnes avec chaque résultat

Votre développement - résultats

Vous n’avez pas pris ce quiz